Tekst piosenki ,,Koło Fortuny" - Statystyki

Ogólne statystyki
  • Ten quiz został rozwiązany 25 razy
    13 od ostatniego zresetowania
  • Średni wynik to 47 z 52
Statystyki odpowiedzi
Tekst % Poprawnych
Kręcę {kołem} {fortuny}
100%
Kręcę {kołem} {fortuny}
100%
Kręcę {kołem} {fortuny}
100%
A ty mów {stop}
91%
A ty mów {stop}
91%
A ty mów {stop}
91%
A ty mów {stop}
91%
A ty mów {stop}
91%
A ty mów {stop}
91%
Bo lotów nie muszę {się} {bać}
91%
Bo lotów nie muszę {się} {bać}
91%
Było {lżej}
91%
Było {lżej}
91%
Było {lżej}
91%
Było {lżej}
91%
Było {lżej}
91%
Było {lżej}
91%
Chyba było {coś} {nie} {tak}
91%
Dłużej nie mogłem tak {stać}
91%
Graty w {wazonie}, to jeszcze nie koniec
91%
Graty w {wazonie}, to jeszcze nie koniec
91%
I {poszarpany} leciał na bruk już
91%
I {poszarpany} leciał na bruk już
91%
I {poszarpany} leciał na bruk już
91%
{Koniec} {końców} dumny jestem
91%
{Kręcę} kołem
91%
{Kręcę} kołem
91%
{Kręcę} kołem
91%
Na {wznak}
91%
Na {wznak}
91%
Na {wznak}
91%
Nie wiedziałem co to {przestrzeń}
91%
No {trudno}
91%
No {trudno}
91%
No {trudno}
91%
Przecież dom twój tam gdzie {serce}
91%
Salon w {kartonie} widziałem na stronie
91%
Salon w {kartonie} widziałem na stronie
91%
Szkoda tylko że tak {trochę} późno
91%
Szkoda tylko że tak {trochę} późno
91%
Szkoda tylko że tak {trochę} późno
91%
Trochę {poczekam}, może przejdzie
91%
Wiem, że {mogłem} dużo więcej
91%
Wystarczył lekki dotyk czy {słówko}
91%
Wystarczył lekki dotyk czy {słówko}
91%
Wystarczył lekki dotyk czy {słówko}
91%
Że {lotów} {balonem} nie trzeba się bać
91%
Że {lotów} {balonem} nie trzeba się bać
91%
Przerażenie w {dużym} {mieście}
82%
Jak {próchno}
73%
Jak {próchno}
73%
Jak {próchno}
73%
Nie znaleziono quizów pasujących do podanych kryteriów
Rozkład punktacji
Procent ludzi z każdym wynikiem
Percentyl według liczby udzielonych odpowiedzi
Twoja historia wyników
Nie rozwiązałeś tego quizu od ostatniego zresetowania